00764nam a2200241Ia 4500003000900000008004100009020001800050040001600068080001700084100002300101245005100124250001200175260004800187300001400235490003600249650002500285650001900310650002600329700002400355942000700379999001500386952012100401IN-BaIIA211028s9999 xx 000 0 eng d a0-521-07928-4 cIIA Library a537.533bKLE aKlemperer, O96864 0aElectron opticscO. Klemperer andM. E. Barrett a3rd ed. aCambridgebCambridge University Pressc1971 aix, 506p. aCambridge monographs on physics aElectro-optics96865 aNASA Thesaurus aOptoelectronics93202 aBarrett, M. E96866 cBK c3859d3859 00104070aBANbBANcGENd1971-12-18g162.00l0o537.533/ KLEp4311r2021-11-05v162.00w1971-12-18yBKGRs. 162.00